[Event "POR-ch Seniors"]
[Site "Fatima"]
[Date "2013.03.23"]
[Round "1.12"]
[White "Lopes, Jose Espirito Santo"]
[Black "Rodrigues, Luis Eugenio"]
[Result "0-1"]
[WhiteElo "1316"]
[BlackElo "1714"]
[PlyCount "66"]
[EventDate "2013.03.23"]
[EventType "swiss"]
[EventRounds "7"]
[EventCountry "POR"]
[SourceTitle "EXT 2015"]
[Source "ChessBase"]
[SourceDate "2014.11.20"]
[SourceVersion "1"]
[SourceVersionDate "2014.11.20"]
[SourceQuality "1"]

1. e4 c5 2. c4 Nc6 3. Nc3 g6 4. Nf3 Bg7 5. Qc2 d6 6. b3 Nf6 7. a3 0-0 8. Rb1 a6 9. Be2 Bg4 10. d3 Nd7 11. Bb2 Bxf3 12. Bxf3 Nd4 13. Qd1 Ne5 14. Be2 Rb8 15. 0-0 b5 16. Bc1 Qa5 17. Nd5 Rb7 18. Bd2 Qd8 19. Ra1 bxc4 20. bxc4 Qd7 21. Re1 Rfb8 22. f4 Nec6 23. Bg4 f5 24. exf5 Nxf5 25. Rc1 e6 26. Ne3 Ncd4 27. Bf3 Rb3 28. Rc3 Nxf3+ 29. Qxf3 Bxc3 30. Nd5 exd5 31. Qxd5+ Qf7 32. Bxc3 Qxd5 33. cxd5 Rxc3 0-1